Marine Genomics/ (Record no. 757041)

MARC details
000 -LEADER
fixed length control field 00319nam a22001337a 4500
020 ## - INTERNATIONAL STANDARD BOOK NUMBER
ISBN 978-81-19523-50-4
082 ## - DEWEY DECIMAL CLASSIFICATION NUMBER
Classification number 578.77BER/M
245 ## - TITLE STATEMENT
Title Marine Genomics/
Statement of responsibility, etc ed by Kim Berg
260 ## - PUBLICATION, DISTRIBUTION, ETC. (IMPRINT)
Place of publication .-Newdelhi
Name of publisher :DPH
Year of publication ,2024
300 ## - PHYSICAL DESCRIPTION
Number of Pages 249p
700 ## - ADDED ENTRY--PERSONAL NAME
Personal name Berg,Kim (ed)
942 ## - ADDED ENTRY ELEMENTS (KOHA)
Source of classification or shelving scheme Dewey Decimal Classification
Koha item type Book
Holdings
Withdrawn status Lost status Source of classification or shelving scheme Damaged status Not for loan Home Library Current Location Shelving location Date acquired Source of acquisition Full call number Accession Number Price effective from Koha item type
    Dewey Decimal Classification     Dept. of Aquatic Biology and Fisheries Dept. of Aquatic Biology and Fisheries General Stacks 18/02/2026 SA/4 578.77BER/M AQU6617 25/02/2026 Book